CompTIA Network+ 10 - Statistics

General Stats
  • This quiz has been taken 3 times
  • The average score is 8 of 22
Answer Stats
Hint Answer % Correct
OSPF Open Shortest Path First
100%
PC Personal Computer
100%
OS Operating System
67%
PaaS Platform as a Service
67%
POP Post Office Protocol
67%
PoE Power over Ethernet
67%
OTDR Optical Time Domain Reflectometer
33%
PAN Personal Area Network
33%
POTS Plain Old Telephone Service
33%
PPP Point-to-Point Protocol
33%
PPPoE Point-to-Point Protocol over Ethernet
33%
PPTP Point-to-Point Tunneling Protocol
33%
POP3 Post Office Protocol version 3
33%
PDU Protocol Data Unit
33%
PKI Public Key Infrastructure
33%
OSI Open Systems Interconnect
0%
OUI Organizationally Unique Identifier
0%
PAP Password Authentication Protocol
0%
PDoS Permanent Denial of Service
0%
PCM Phase-Change Memory
0%
PAT Port Address Translation
0%
PGP Pretty Good Privacy
0%
No matching quizzes found
Score Distribution
Percent of People with Each Score
Percentile by Number Answered
Your Score History
You have not taken this quiz